| 000 | 00502nam a2200217Ia 4500 | ||
|---|---|---|---|
| 003 | 0100 | ||
| 008 | 130307s9999 xx 000 0 und d | ||
| 020 | _a0883447053 | ||
| 040 | _cARRUPELIB | ||
| 050 | _aBL48.A48513 1984 | ||
| 100 | _aAlves, Rubem A., | ||
| 245 | _aWhat is religion? | ||
| 245 | _bQue Ôe religiao? English | ||
| 260 | _aMaryknoll, New York | ||
| 260 | _bOrbis Books | ||
| 260 | _cc1984. | ||
| 300 | _aiv | ||
| 300 | _b99 p. 21 cm. | ||
| 650 | _aRELIGION | ||
| 942 | 0 | 0 | _01 |
| 999 |
_c93133 _d93133 |
||